| 000 | 01210nac a22002771i 4500 | ||
|---|---|---|---|
| 003 | EG-ScBUE | ||
| 005 | 20260510092843.0 | ||
| 008 | 100808s1987 ua| frb 000 daara d | ||
| 017 | _a1987 / 7608 | ||
| 040 |
_aEG-ScBUE _bara _erda _cEG-ScBUE _dEG-ScBUE |
||
| 082 | 0 | 4 |
_a581.634 _bخ ف ا _222 |
| 100 | 1 |
_aخفاجي، سعد محمد، _917195 _eمؤلف. |
|
| 245 | 1 | 2 |
_aالنباتات الطبية وإطالة عمر الإنسان / _cدكتور سعد محمد خفاجي، أستاذ العقاقير والنباتات الطبية، كلية الصيدلة، جامعة الإسكندرية. |
| 264 | 1 |
_aالإسكندرية : _bمركز الدلتا للطباعة، _c[1987] |
|
| 300 |
_a221 صفحة ؛ _c24 سم |
||
| 336 |
_2rdacontent _aنص _btxt |
||
| 337 |
_aبدون وسيط _2rdamedia _bn |
||
| 338 |
_aمجلد _bnc _2rdacarrier |
||
| 500 | _aتاريخ النشر من رقم الإيداع. | ||
| 504 | _aيشتمل على إرجاعات ببليوجرافية. | ||
| 650 | 7 |
_aالنباتات الطبية. _917191 _2BUEsh |
|
| 650 | 7 |
_aالبابونج. _922028 _2BUEsh |
|
| 650 | 7 |
_aالعرقسوس. _922029 _2BUEsh |
|
| 655 | _vReading book | ||
| 942 |
_cBB _k581.634 خ ف ا _2ddc |
||
| 999 |
_c6545 _d6545 |
||